Κατάλογος Βιβλιοθηκών Mediterranean College

Κώδικας Φορέων Παροχής Κοινωνικών Υπηρεσιών. (Record no. 4533)

MARC details
000 -LEADER
fixed length control field 02114cam a22001814a 4500
005 - ΗΜΕΡΟΜΗΝΙΑ ΚΑΙ ΩΡΑ ΤΕΛΕΥΤΑΙΑΣ ΕΝΗΜΕΡΩΣΗΣ
Πεδίο ελέγχου 20250605164148.0
008 - FIXED-LENGTH DATA ELEMENTS--GENERAL INFORMATION
Πεδίο ελέγχου σταθερού μήκους 250528s ||||||||||||||||||||||||d
035 ## - SYSTEM CONTROL NUMBER
System control number 19269
040 ## - ΠΗΓΗ ΚΑΤΑΛΟΓΟΓΡΑΦΗΣΗΣ
Φορέας πρωτότυπης καταλογογράφησης MC Athens Campus Library
Γλώσσα καταλογογράφησης Ελληνικά, Μοντέρνα (1453-)
Modifying agency MC Athens Campus Library
Κανόνες περιγραφικής καταλογογράφησης AACR2
245 1# - ΤΙΤΛΟΣ ΚΑΙ ΔΗΛΩΣΗ ΥΠΕΥΘΥΝΟΤΗΤΑΣ
Τίτλος Κώδικας Φορέων Παροχής Κοινωνικών Υπηρεσιών.
Number of part/section of a work Τόμος 1
260 ## - PUBLICATION, DISTRIBUTION, ETC.
Name of publisher, distributor, etc. Εκδόσεις Παπαζήσης,
Date of publication, distribution, etc. 1986
300 ## - PHYSICAL DESCRIPTION
Extent 424
520 ## - SUMMARY, ETC.
Summary, etc. Πρόλογος, Κοιωνική Πρόνοια, Υγεία, Επαγγελματικός Προσανατολισμός - Τεχνική και Επαγγελματική Εκπαίδευση, Απασχόληση, Πρόληψη και Αντιμετώπιση Παραβατικής Συμπεριφοράς, Διαμέρισμα Αθηνών, Κοινωνική Πρόνοια, Υγεία, Επαγγελματικός Προσανατολισμός - Τεχνική και Επαγγελματική Εκπαίδευση, Απασχόληση, Πρόληψη και Αντιμετώπιση Παραβατικής Συμπεριφοράς, Διαμέρισμα Πειραιώς, Κοινωνική Πρόνοια, Υγεία, Επαγγελματικός Προσανατολισμός - Τεχνική και Επαγγελματική Εκπαίδευση, Απασχόληση, Διαμέρισμα Ανατολικής Αττικής, Υγεία, Επαγγελματικός Προσανατολισμός - Τεχνική και Επαγγελματική Εκπαίδευση, Απασχόληση, Πρόληψη και Αντιμετώπιση Παραβατικής Συμπεριφοράς, Διαμέρισμα Δυτικής Αττικής, Κοινωνική Πρόνοια, Υγεία, Επαγγελματικός Προσανατολισμός - Τεχνική και Επαγγελματική Εκπαίδευση, Απασχόληση, Πρόληψη και Αντιμετώπιση Παραβατικής Συμπεριφοράς, Παραρτήματα.
700 1# - ΠΡΟΣΘΕΤΗ ΑΝΑΓΡΑΦΗ--ΦΥΣΙΚΟ ΠΡΟΣΩΠΟ
Personal name Ζάρναρη Όλγα
9 (RLIN) 5494
942 ## - ADDED ENTRY ELEMENTS (KOHA)
Koha item type Books
Holdings
Τύπος τεκμηρίου Βιβλιοθήκη Τρέχουσα τοποθεσία Barcode Αριθμός εισαγωγής Ημερομηνία απόκτησης Ταξιθετικό σύμβολο Αριθμός αντιτύπου Κατάσταση απόσυρσης Κατάσταση χαμένου Κατάσταση κατεστραμμένου Μη δανεισμός Σύνολο δανεισμών Ημερομηνία τελευταίας εμφάνισης Η τιμή ισχύει από
Books MC Athens Campus Library MC Athens Campus Library 9780000045324 5265 05/06/2025 361.9495 ZAR V.1 1           05/06/2025 05/06/2025

MC Athens Campus Library
Πατησίων 94 & Κοδριγκτώνος 13, 104 34
Πελλήνης 8 & Πατησίων 107, 112 51
Τ: +30 210 8899600

MC Thessaloniki Campus Library
Ίωνος Δραγούμη 21, 54625 | Ίωνος Δραγούμη 15, 54625
Τ: +30 2310 287779 – Τ: +30 2314 440300